[Event "Vandoeuvre op-B 15th"]
[Site "Vandoeuvre"]
[Date "2019.01.02"]
[Round "2.5"]
[White "Simon, Edouard"]
[Black "Simon, Christian"]
[Result "0-1"]
[WhiteElo "1977"]
[BlackElo "1764"]
[PlyCount "88"]
[EventDate "2019.01.02"]
[EventType "swiss"]
[EventRounds "9"]
[EventCountry "FRA"]
[SourceTitle "EXT 2020"]
[Source "ChessBase"]
[SourceDate "2019.10.17"]
[SourceVersion "1"]
[SourceVersionDate "2019.10.17"]
[SourceQuality "1"]

1. e4 c6 2. d4 d5 3. e5 Bf5 4. g4 Bd7 5. f4 f5 6. gxf5 Bxf5 7. Bd3 e6 8. Nf3 Ne7 9. Nc3 g6 10. h4 Na6 11. Ng5 Nc7 12. h5 Qd7 13. Be3 h6 14. hxg6 Bxg6 15. Bxg6+ Nxg6 16. Qd3 Rg8 17. Nf3 0-0-0 18. 0-0-0 Qf7 19. f5 Qxf5 20. Qxf5 exf5 21. Bxh6 Bxh6+ 22. Rxh6 Ne6 23. Ne2 Rde8 24. Rg1 Ngf4 25. Nxf4 Nxf4 26. Rf1 Ne2+ 27. Kd2 Ng3 28. Rg1 Ne4+ 29. Ke3 Rxg1 30. Nxg1 Rg8 31. Nf3 Rg4 32. e6 Nd6 33. Rh8+ Kc7 34. Rh7+ Kb6 35. Ne5 Re4+ 36. Kf3 Rxd4 37. Nd7+ Kc7 38. c3 Re4 39. Nf6+ Kc8 40. Nxe4 fxe4+ 41. Kf4 Ne8 42. Ke5 a6 43. Kd4 b6 44. b4 a5 0-1

[Event "FRA-ch Seniors"]
[Site "Nimes"]
[Date "2018.08.19"]
[Round "2"]
[White "Vareille, Francois"]
[Black "Simon, Christian"]
[Result "1-0"]
[WhiteElo "2421"]
[BlackElo "1767"]
[PlyCount "53"]
[EventDate "2018.08.18"]
[EventType "swiss"]
[EventRounds "9"]
[EventCountry "FRA"]
[SourceTitle "EXT 2020"]
[Source "ChessBase"]
[SourceDate "2019.10.17"]
[SourceVersion "1"]
[SourceVersionDate "2019.10.17"]
[SourceQuality "1"]

1. d4 g6 2. e4 Bg7 3. c3 d6 4. f4 c6 5. Nf3 Na6 6. Bd3 Nc7 7. h3 e6 8. 0-0 Ne7 9. Qe1 Bd7 10. b3 b6 11. Nbd2 d5 12. e5 c5 13. a4 cxd4 14. cxd4 0-0 15. Ba3 Re8 16. g4 Qb8 17. Qh4 Qd8 18. Qg3 Rc8 19. Kh1 Bf8 20. Rf2 Kg7 21. Rg1 Ng8 22. Bxf8+ Rxf8 23. f5 Ne8 24. f6+ Kh8 25. Ng5 Rc3 26. Nxh7 Rxd3 27. Qh4 1-0

[Event "Aurec Cup"]
[Site "Aurec"]
[Date "2002.06.15"]
[Round "3"]
[White "Nowocien, Anthony"]
[Black "Simon, Christian"]
[Result "1-0"]
[WhiteElo "1870"]
[BlackElo "1880"]
[PlyCount "31"]
[EventDate "2002.06.??"]
[EventType "team-tourn"]
[EventRounds "5"]
[EventCountry "FRA"]
[SourceTitle "EXT 2004"]
[Source "ChessBase"]
[SourceDate "2003.11.25"]
[SourceVersion "1"]
[SourceVersionDate "2003.11.25"]
[SourceQuality "1"]

1. e4 c5 2. c3 d5 3. exd5 Qxd5 4. d4 Nc6 5. Nf3 cxd4 6. cxd4 Bg4 7. Nc3 Bxf3 8. gxf3 Qa5 9. d5 0-0-0 10. Bd2 Nd4 11. Nb5 Qb6 12. Rc1+ Kd7 13. Nxd4 Qxd4 14. Bb5+ Kd6 15. Qb3 Qxd5 16. Bf4+ 1-0